| 000 | 01506nam0a2200325 4500 | ||
|---|---|---|---|
| 001 | RU\NLR\bibl\1390924 | ||
| 005 | 20250615200900.0 | ||
| 010 |
_a5-87442-242-0 _9500 |
||
| 035 | _a(NLR Aleph) 001382965 | ||
| 090 |
_a1113769 _c1113769 |
||
| 100 | _a20090709d2001 |||y0rusy50 ca | ||
| 101 | 0 | _arus | |
| 102 | _aRU | ||
| 105 | _aa ||||||||| | ||
| 200 | 1 |
_aПочвообработке засушливого земледелия - научно обоснованную технику _eюжностепная зона России _fМ.С. Рунчев |
|
| 210 |
_aРостов-на-Дону _cТерра _d2001 |
||
| 215 |
_a67, [2] с. _cил., портр. _d20 |
||
| 300 | _aНа обороте тит. л. авт.: акад. РАСХН М.С. Рунчев | ||
| 320 | _aБиблиогр.: с. 66-68 | ||
| 606 | 1 |
_aАридные почвы _xОбработка _xМеханизация _yРоссийская Федерация _yЮг _92566534 _3RU\NLR\auth\661517916 |
|
| 606 | 1 |
_aСельскохозяйственные машины и орудия для аридного земледелия _xЭксплуатация _yРоссийская Федерация _yЮг _92566536 _3RU\NLR\auth\661517917 |
|
| 686 | _aП143.2(2Р37) | ||
| 686 | _aП072.2-041(2Р37) | ||
| 700 | 1 |
_aРунчев _bМ. С. _gМихаил Степанович _4070 |
|
| 801 | 0 |
_aRU _bNLR _c20090709 _gRCR |
|
| 801 | 1 |
_aRU _bNLR _c20090709 |
|
| 830 | _aавт. по кн. | ||
| 942 | _cBOOK | ||
| 980 | _aNB | ||